| 000 | 00620nam a2200157Ia 4500 | ||
|---|---|---|---|
| 008 | 210716s2013 xx 000 0 und d | ||
| 020 | _a9788120347052 | ||
| 041 | _aeng | ||
| 082 | _a658.3010683 KANS | ||
| 100 | _aKandula, Srinivas R. | ||
| 245 |
_aCompetency-based human resource management: a complete text with case studies on competency mapping, modelling, assessing and applying. _bComplete text with case studies on competency mapping, modelling, assessing and applying. |
||
| 250 | _a1 | ||
| 260 |
_aNew Delhi _bPHI Learning private limited. _c2013 |
||
| 300 | _axii,312 | ||
| 650 | _aHuman Resource Management | ||
| 999 |
_c208169 _d208169 |
||